Statistics for Country nicknames

Click here to take the quiz!

General Stats

  • This quiz has been taken 52 times
  • The average score is 8 of 15

Answer Stats

HintAnswer% Correct
The land down underAustralia
100%
Land of the rising sunJapan
98%
Emerald isleIreland
93%
India's teardropSri Lanka
93%
MuricaUnited States
86%
The red dragonChina
84%
The bearRussia
80%
The rainbow nationSouth Africa
61%
The hermit kingdomNorth Korea
43%
Land of the eaglesAlbania
25%
Roof of AfricaLesotho
16%
Isle of spiceGrenada
14%
Land of 1,000 hillsRwanda
11%
Little EnglandBarbados
9%
Land of many riversGuyana
5%

Score Distribution

Percentile by Number Answered

Percent of People with Each Score

Your Score History

You have not taken this quiz